| 000 | 00560nam a22001817a 4500 | ||
|---|---|---|---|
| 005 | 20231129070209.0 | ||
| 008 | 231129b |||||||| |||| 00| 0 eng d | ||
| 020 | _a040902998 X | ||
| 041 | _aEnglish | ||
| 082 | _a340.07 TUN | ||
| 100 |
_aTunkel, V and Horak ADW _lEnglish |
||
| 245 |
_aLegal Research / _cV Tunkel and ADW Horak |
||
| 250 | _aFirst Edition | ||
| 260 |
_aDurban : _bButterworth Publishers (Pty) Ltd, _c1997 |
||
| 300 |
_bxii, 77 pages ; _c25 cm. |
||
| 650 |
_aLegal practice _bLaw |
||
| 942 |
_cBK _6ALISON_BN_VRIES |
||
| 999 |
_c1030 _d1030 |
||